Catálogo - Centro de Recursos para el Aprendizaje y la Investigación

Volver al Sitio - CRAI Biblioteca

Desarrollo y concertación / (Registro nro. 114252)

Detalles MARC
000 -CABECERA
campo de control de longitud fija 00678nam a2200217Ia 4500
001 - NÚMERO DE CONTROL
campo de control 114252
003 - IDENTIFICADOR DEL NÚMERO DE CONTROL
campo de control UNIBE
005 - FECHA Y HORA DE LA ÚLTIMA TRANSACCIÓN
campo de control 20251204153314.0
008 - DATOS DE LONGITUD FIJA--INFORMACIÓN GENERAL
campo de control de longitud fija 251202b1994 dr ||||| |||| 00| 0 spa d
040 ## - FUENTE DE LA CATALOGACIÓN
Centro/agencia transcriptor BIBLIOTECA UNIBE
Centro catalogador/agencia de origen Biblioteca UNIBE
Lengua de catalogación spa
041 ## - CÓDIGO DE LENGUA
Código de lengua del texto/banda sonora o título independiente spa
082 ## - NÚMERO DE LA CLASIFICACIÓN DECIMAL DEWEY
Número de clasificación F-RD 6015
090 ## - LOCALMENTE ASIGNADO TIPO-LC NÚMERO DE CLASIFICACIÓN (OCLC); NÚMERO DE CLASIFICACIÓN LOCAL (RLIN)
Número de clasificación (OCLC) (R) ; Numero de clasificación, CALL (RLIN) (NR) RD - F 1474
100 ## - ENTRADA PRINCIPAL--NOMBRE DE PERSONA
Nombre de persona Núñez Collado, Agripino,
Fechas asociadas al nombre 1933-2022
Término indicativo de función/relación Monseñor
9 (RLIN) 201138
245 0# - MENCIÓN DE TÍTULO
Título Desarrollo y concertación /
Mención de responsabilidad, etc. Agripino Núñez Collado
260 4# - PUBLICACIÓN, DISTRIBUCIÓN, ETC.
Lugar de publicación, distribución, etc. Santo Domingo :
Nombre del editor, distribuidor, etc. Editora Taller,
Fecha de publicación, distribución, etc. 1994
300 4# - DESCRIPCIÓN FÍSICA
Extensión 16 páginas
490 ## - MENCIÓN DE SERIE
Mención de serie Cartas universitarias ;
Designación de volumen o secuencia 2
650 ## - PUNTO DE ACCESO ADICIONAL DE MATERIA--TÉRMINO DE MATERIA
Término de materia o nombre geográfico como elemento de entrada Política cultural.
Subdivisión general Ensayos, conferencias, etc.
9 (RLIN) 201301
942 ## - ELEMENTOS DE PUNTO DE ACCESO ADICIONAL (KOHA)
Fuente del sistema de clasificación o colocación Sistema de Clasificación Decimal Dewey
Tipo de ítem Koha Folleto
Existencias
Estado de retiro Estado de pérdida Fuente del sistema de clasificación o colocación Estado dañado No para préstamo Código de colección Localización permanente Fecha de adquisición Total de préstamos Signatura topográfica completa Código de barras Fecha visto por última vez Número de copia Precio válido a partir de Tipo de ítem Koha
  Disponible Sistema de Clasificación Decimal Dewey     Folletos - Dominicanos Biblioteca Central UNIBE 01/10/2025   F-RD 6015 F250176 04/12/2025 Ej. 1 04/12/2025 Folleto